00785nam a2200193 i 4500001000700000003000900007005001700016007000300033008004100036100002800077245018400105260007300289300002200362651004300384651004100427700003800468710006400506852002100570120748ES-MaACL20250826042748.0t|070214s1982 sp |||| | spa d1 aPrado y Rozas, Antonio.10aDos estudios sobre historia de la administración b: las secretarías del despacho / cpor Antonio Prado y Rozas y Anónimo 1824 ; introducción, José Mª García Madaria. aMadrid : bInstituto Nacional de Administración Pública, c1982. a181 p. ; c22 cm. 4aEspaña-xAdministración-yS.XVIII. 4aEspaña-xAdministración-yS.XIX.1 aGarcía Madaria, José María.2 aInstituto Nacional de Administración Pública (España) aES-MaACLjL-2794